Normal view
MARC view
- Kolman, Eyal
Entry Personal Name
001 - CONTROL NUMBER
- control field: 82223
003 - CONTROL NUMBER IDENTIFIER
- control field: NUST
005 - DATE AND TIME OF LATEST TRANSACTION
- control field: 20210907112806.0
008 - FIXED-LENGTH DATA ELEMENTS
- fixed length control field: 210907|| aca||aabn | a|a d
040 ## - CATALOGING SOURCE
- Original cataloging agency: NUST
- Transcribing agency: NUST
100 ## - HEADING--PERSONAL NAME
- Personal name: Kolman, Eyal
670 ## - SOURCE DATA FOUND
- Source citation: Work cat.: (NUST)31919: Kolman, Eyal., Knowledge-based Neurocomputing :, c2009.
